Statistiques concernant Tragédies Grey's Anatomy

Cliquez ici pour prendre le quiz!

Statistiques générales

  • Ce quiz a été pris 1 854 fois
  • Le résultat moyen est 19 sur 22

Statistiques - réponses

TragédiesSaison% Correct
Noyade (Meredith Grey)3
99%
Fusillade6
99%
Crash d'avion8
99%
Accident de voiture (Arizona et Callie)7
95%
Accident de Ferry3
94%
Accident de bus (George)5
94%
Accident de voiture (Derek)11
92%
Accident de voiture (April)14
92%
Procès contre Meredith16
92%
Bombe2
92%
Cancer d'Izzie5
91%
Incendie dans l'hopitâl13
90%
Crise cardiaque de Bailey14
89%
Tempête9
85%
Tumeur d'Amelia Shepherd14
83%
Cancer de Catherine Avery15
81%
Tumeur de Nicole Herman11
79%
Procès entre Callie et Arizona12
78%
Mort de Samuel Avery11
77%
Agression de Meredith par un patient12
77%
Accident d'ambulance4
77%
Brouillard15
72%

Distribution des résultats

Percentile par nombre de réponses

% des personnes avec chaque résultat

Votre développement - résultats

Vous n’avez pas pris ce quiz